Coupe du Monde 1958 - Un Joueur par équipe - Statistiques

Statistiques générales
  • Ce quiz a été pris 54 fois
    32 depuis la dernière actualisation
  • Le résultat moyen est 8 sur 16
Statistiques - réponses
Hint Réponse % Correct
Just Fontaine France
96%
Helmut Rahn Allemagne de l'Ouest
83%
Pelé Brésil
83%
Anatoli Ilyin URSS
63%
Aleksandar Petaković Yougoslavie
63%
Nils Liedholm Suède
58%
Lajos Tichy Hongrie
54%
Tom Finney Angleterre
50%
Zdeněk Zikán Tchécoslovaquie
50%
Omar Oreste Corbatta Argentine
42%
Jorge Lino Romero Paraguay
38%
Sammy Baird Ecosse
29%
Karl Koller Autriche
25%
Peter McParland Irlande du Nord
25%
Jaime Belmonte Mexique
21%
John Charles Pays de Galles
21%
Aucun quiz correspondant
Distribution des résultats
% des personnes avec chaque résultat
Percentile par nombre de réponses
Votre historique - résultats
Vous n’avez pas pris ce quiz depuis la dernière actualisation